| 000 | 00348nam a2200133Ia 4500 | ||
|---|---|---|---|
| 008 | 240624s9999 xx 000 0 und d | ||
| 041 | _aeng | ||
| 082 | _a650.0711 SHA | ||
| 100 | _aLORANGE PETER | ||
| 245 | _aTHOUGHT LEADERSHIP MEETS BUSINESS HOW BU | ||
| 260 |
_c2010 _aCambridge _bCambridge University Press |
||
| 300 | _a240 : p. | ||
| 365 | _cRS | ||
| 999 |
_c16976 _d16976 |
||